Billie Eilish - THE GREATEST lyrics - Statistics

General Stats
  • This quiz has been taken 1,203 times
  • The average score is 173 of 207
Answer Stats
Answer % Correct
I
99%
a
98%
you
98%
greatest
97%
the
97%
to
96%
when
96%
my
95%
all
94%
and
94%
am
93%
Man
93%
man
93%
want
93%
love
92%
me
92%
do
91%
for
91%
waited
91%
I'm
90%
it
89%
naked
89%
times
86%
what
86%
your
85%
best
84%
don't
83%
trying
83%
been
82%
keep
82%
know
82%
patience
81%
admiration
80%
congratulations
80%
go
80%
made
79%
I've
78%
satisfied
78%
wanna
78%
painless
77%
get
76%
have
75%
look
75%
how
74%
just
74%
night
74%
up
74%
in
73%
rest
73%
let
72%
still
71%
wanted
71%
from
70%
loved
70%
while
70%
come
69%
alone
68%
gave
68%
stayed
68%
passion
66%
we
66%
done
63%
not
63%
state
63%
it's
61%
whatever
61%
could've
59%
fight
59%
was
59%
fighting
57%
doing
56%
hate
56%
right
56%
what's
56%
without
56%
would've
55%
God
54%
reward
54%
worth
54%
said
52%
say
52%
at
51%
even
51%
heart
51%
couldn't
50%
anything
49%
break
48%
anyone
47%
shouldn't
47%
than
46%
unappreciated
44%
worse
43%
jaded
39%
No matching quizzes found
Score Distribution
Percent of People with Each Score
Percentile by Number Answered
Your Score History
You have not taken this quiz